Statistics for Jurassic Park Dinosaurs

Click here to take the quiz!

General Stats

  • This quiz has been taken 30 times
  • The average score is 6 of 7

Answer Stats

HintAnswer% Correct
Don't move.Tyrannosaurus rex
100%
Big long-neckBrachiosaurus
95%
That's one big pile of shit.Triceratops
95%
Clever GirlVelociraptor
95%
Stampede!!!!!!Gallimimus
89%
No wonder you're extinct.Dilophosaurus
84%
Chilling in the backgroundParasaurolophus
84%

Score Distribution

Percentile by Number Answered

Percent of People with Each Score

Your Score History

You have not taken this quiz